000 00337nam a2200145Ia 4500
003 OSt
008 191201s2004 xx 000 0 und d
082 _a512.94
_bKUD
100 _aKUMAR,R.
245 0 _aDifferential Equations for B.A/B.Sc
260 _aNew Delhi
_bVerdman Pub
_c2004
300 _a320+44
650 _aMBA
942 _2ddc
_cBK
999 _c383
_d383